000 01881nam a22001337a 4500
999 _c533058
_d533058
008 260421b ||||| |||| 00| 0 eng d
100 _aUribe, Laura et al
_960131
245 _aThe racial gap in trust in elections (and how to close it)
260 _aPolitical Research Quarterly
300 _a78(4), Dec, 2025: p.1408-1428
520 _aWhile the contemporary conversation about trust in U.S. elections focuses on mistrust among white conservatives, we ask whether racial and ethnic minority groups also lack confidence in the integrity of the vote count. Is there an enduring gap along ethnoracial lines over trust in elections and, if so, what determines the magnitude of this gap? Grounding our theory in the literature on race and trust in institutions and elections, we outline hypotheses about the mechanisms of mistrust for minority groups. We use an original national survey as well as data from the Survey of the Performance of American Elections from 2012 through 2022. We find that Black and Native Americans have lower levels of trust in elections when compared to white Americans. Asian Americans are not statistically unlike whites in their level of trust, and the trust gap that exists for Latines is partially explainable by demographic characteristics such as education and income. We further demonstrate the profound importance of state voting laws: in states that impose high barriers to accessing the ballot, the gap between white and Black Americans’ trust in elections doubles in size, while in states with the most inclusive voting laws, the racial gap in trust disappears.-Reproduced https://journals.sagepub.com/doi/full/10.1177/10659129251363201?_gl=1*ce74vx*_up*MQ..*_ga*MjMzNjk2NTEzLjE3NzY 3NTE3ODE.*_ga_60R758KFDG*czE3NzY3NTE3ODAkbzEkZzEkdDE3NzY3NTE4MDQkajM2JGwwJGgyNTQ0NDIwNjg.
773 _aPolitical Research Quarterly
942 _cAR